Random Multiple Choice - Statistics

General Stats
  • This quiz has been taken 23 times
  • The average score is 7 of 15
Answer Stats
Question Answer % Correct
What is the capital city of the UK? London
100%
Which of these actors has not played Spider-Man? Ryan Gosling
100%
Which of these is not a Shakespeare play? The Duchess of Malfi
100%
Who wrote "Lolita" in 1955? Vladimir Nabokov
75%
If x=10, solve this equation to find y -- 2x-5=3y 5
50%
Who won the "Battle of the Sexes" on 20th September 1973? Billie Jean King
50%
Who was Queen Elizabeth I married to? Nobody
50%
Which film won Best Film at the 2024 BAFTA's? Oppenheimer
50%
Which Clothes Shop collaborated with the fast-food chain "Greggs"? Primark
50%
When was Joe Biden born? 20th Nov 1942
25%
At what minimum temperature does the ocean need to be for a tropical storm to occur? (in °C) 26/27
25%
How many British monarchs have there been since 1902? 6
25%
What is 500 in Roman Numerals? D
25%
In what year did Taylor Swift release her album "Folklore"? 2020
0%
Who are the judges on The Great British Bake Off? (As of when the quiz was written) Paul Hollywood and Prue Leith
0%
No matching quizzes found
Score Distribution
Percent of People with Each Score
Percentile by Number Answered
Your Score History
You have not taken this quiz